000 01007nam a2200253Ia 4500
001 2958
003 GE_BSU
008 181216s||||||||xx |||||||||||||| ||und||
020 _a5801600078
040 _cGE_BSU
080 _a330.101+330.1
100 _aВ.Е. Алексеева, М.В. Арфееваа, А,В, Мешков и др.
245 _aМикро и Макроэкономика:
245 _bЗадачи,упражнения, математическое обучение.Санкт- Петербурский гос. унт Республиканский гуманитарный ин-тут Кафедра Экономики и права.
250 _aТом ll
260 _aСПБ
260 _bМихаилова В.А.
260 _c1997
300 _a448 ст. 25 см.
541 _h37 Л. 50 Е.
653 _aЗадачи,упражнения,математическое обучение.
653 _aМикро и Макроэкономика:
942 _cBK
999 _c37006
_d37006